书目信息 |
| 题名: |
土木工程材料
|
|
| 作者: | 余丽武 , 朱平华 , 张志军 主编 | |
| 分册: | ||
| 出版信息: | 北京 中国建筑工业出版社 2017 |
|
| 页数: | 358页 | |
| 开本: | 26cm | |
| 丛书名: | 高等学校土木工程专业应用型人才培养规划教材 | |
| 单 册: | ||
| 中图分类: | TU5 | |
| 科图分类: | ||
| 主题词: | 土木工程--Tu Mu Gong Cheng--建筑材料--高等学校--教材 | |
| 电子资源: | ||
| ISBN: | 978-7-112-20231-7 | |
| 000 | 01411nam 2200337 450 | |
| 001 | 012001003194 | |
| 005 | 20140129134845.0 | |
| 010 | @a978-7-112-20231-7@dCNY44.00 | |
| 099 | @aCAL 012017059875 | |
| 100 | @a20170417d2017 em y0chiy50 ea | |
| 101 | 0 | @achi |
| 102 | @aCN@b110000 | |
| 105 | @aak a 000yy | |
| 106 | @ar | |
| 200 | 1 | @a土木工程材料@ATu Mu Gong Cheng Cai Liao@f余丽武, 朱平华, 张志军主编 |
| 210 | @a北京@c中国建筑工业出版社@d2017 | |
| 215 | @a358页@c图@d26cm | |
| 225 | 2 | @a高等学校土木工程专业应用型人才培养规划教材@AGao Deng Xue Xiao Tu Mu Gong Cheng Zhuan Ye Ying Yong Xing Ren Cai Pei Yang Gui Hua Jiao Cai |
| 300 | @a住房城乡建设部土建类学科专业“十三五”规划教材 | |
| 312 | @a英文并列题名取自封面 | |
| 320 | @a有书目 (第356-358页) | |
| 330 | @a本书为“高等学校土木工程专业应用型人才培养规划教材”系列《土木工程材料》课程用书。全书以文字为主,图文并茂,是按照现行的最新国家标准和行业规范,结合实践经验编写而成,主要内容为无机胶凝材料、混凝土和砂浆、钢材等土木工程材料的基本组成。 | |
| 410 | 0 | @12001 @a高等学校土木工程专业应用型人才培养规划教材 |
| 510 | 1 | @aCivil engineering@zeng |
| 606 | 0 | @a土木工程@ATu Mu Gong Cheng@x建筑材料@x高等学校@j教材 |
| 690 | @aTU5@v4 | |
| 701 | 0 | @a余丽武@AYu Li Wu@4主编 |
| 701 | 0 | @a朱平华@AZhu Ping Hua@4主编 |
| 701 | 0 | @a张志军@AZhang Zhi Jun@4主编 |
| 801 | 2 | @aCN@b北京卓展@c20191020 |
| 905 | @b1210720-3@dTU5@e1560@f4 | |
| 土木工程材料/余丽武, 朱平华, 张志军主编.-北京:中国建筑工业出版社,2017 |
| 358页:图;26cm.-(高等学校土木工程专业应用型人才培养规划教材) |
| 住房城乡建设部土建类学科专业“十三五”规划教材 |
| ISBN 978-7-112-20231-7:CNY44.00 |
| 本书为“高等学校土木工程专业应用型人才培养规划教材”系列《土木工程材料》课程用书。全书以文字为主,图文并茂,是按照现行的最新国家标准和行业规范,结合实践经验编写而成,主要内容为无机胶凝材料、混凝土和砂浆、钢材等土木工程材料的基本组成。 |
| ● |
| 相关链接 |
|
|
|
|
正题名:土木工程材料
索取号:TU5/1560
 
预约/预借
| 序号 | 登录号 | 条形码 | 馆藏地/架位号 | 状态 | 备注 |
| 1 | 1210720 | 212107209 | 第二样本阅览室/ [索取号:TU5/1560] | 在馆 | |
| 2 | 1210721 | 212107218 | 第三借阅区/ [索取号:TU5/1560] | 在馆 | |
| 3 | 1210722 | 212107227 | 第三借阅区/ [索取号:TU5/1560] | 在馆 | |
| 4 | 1210723 | 212107236 | 第三借阅区/ [索取号:TU5/1560] | 在馆 |